ا نکشا ف سخن (Record no. 94281)

MARC details
000 -LEADER
fixed length control field 00684nam a22002177a 4500
005 - DATE AND TIME OF LATEST TRANSACTION
control field 20150615164144.0
008 - FIXED-LENGTH DATA ELEMENTS--GENERAL INFORMATION
fixed length control field 140714b xxu||||| |||| 00| 0 Urdu d
010 ## - LCCN (DPL NO)
LC control number UR-9067
020 ## - INTERNATIONAL STANDARD BOOK NUMBER
Terms of availability 150.00
035 ## - SYSTEM CONTROL NUMBER
System control number U-7622
037 ## - SOURCE OF ACQUISITION
Source of stock number/acquisition DBAD
040 ## - CATALOGING SOURCE
Original cataloging agency DPL
Language of cataloging Urdu
082 ## - DEWEY DECIMAL CLASSIFICATION NUMBER
Classification number 841
100 ## - MAIN ENTRY--PERSONAL NAME
Personal name ظفر عا د ل قر يشی
245 ## - TITLE STATEMENT
Title ا نکشا ف سخن
Statement of responsibility, etc ظفر عا د ل قر يشی
246 #h - VARYING FORM OF TITLE
Title proper/short title Inkashaf-e-Sukhan
Remainder of title By Zafer Aadil Qureshi
260 ## - PUBLICATION, DISTRIBUTION, ETC. (IMPRINT)
Name of publisher, distributor, etc Zafer Aadil Qureshi
Date of publication, distribution, etc 2014
Place of publication, distribution, etc Muradabad
270 ## - ADDRESS
Address ear Dair wali Masjid Asalatpura
City Muradabad,,U.P.
Telephone number 9897183506
Postal code 244001
300 ## - PHYSICAL DESCRIPTION
Extent 160ص
Dimensions 22Cm (Hb)
942 ## - ADDED ENTRY ELEMENTS (KOHA)
Source of classification or shelving scheme Dewey Decimal Classification
Item type Urdu Bks
Edition
Classification part 841
Call number suffix ق ر ے
Holdings
Withdrawn status Lost status Source of classification or shelving scheme Damaged status Not for loan Collection code Home library Current library Date acquired Source of acquisition Cost, normal purchase price Total Checkouts Full call number Barcode Date last seen Copy number Cost, replacement price Koha item type
    Dewey Decimal Classification   Not For Loan Non-fiction D.B.Act.Division D.B.Act.Division 15/06/2015 DBAD/Pub. 150.00   841 ق ر ے U-7622 15/06/2015 1 150.00 Urdu Bks

© Delhi Public Library
Hit Counter
free hit counter